Las claves prácticas de seis sígmas. Una guía dirigida a los equipos de mejora de procesos

Bibliographic Details
Main Author: Pande, Peter S.
Format: Section = Libro
Language:Undetermined
Spanish
Published: Colombia McGraw-Hill 2004
Subjects:
LEADER 00756nam a2200217Ia 4500
008 240829s9999 xx 000 0 und d
020 |a 84-481-4037-0 
040 |a BIBLIOTECA-RUPAP 658.5 P189 
041 |a spa 
082 |a 658.5 P189 
100 1 |a Pande, Peter S.  
245 1 0 |a Las claves prácticas de seis sígmas. Una guía dirigida a los equipos de mejora de procesos 
260 |a Colombia  |b McGraw-Hill  |c 2004 
300 |a 382 p. :il. 
650 7 |a PLANIFICACION, ORGANIZAICON, DIRECCION - SEIS SIGMA 
650 7 |b  CONTROL ACTIVIDADES FUNCIONALES 
650 7 |c  RENDIMIENTO DEL PROCESO 
650 7 |d  DISEÑO REDISEÑO - PROCESO. I. Neuman, Robert P, coaut. II. Cavanagh, Roland R. III. Tít. 
942 |c BK  |2 ddc 
991 |a TEXTO 
999 |c 10146